[Event "Magnus Carlsen Invitational 2021"]
[Site "Online"]
[Date "2021.03.10"]
[Round "3.5"]
[White "Nakamura, Hikaru"]
[Black "Mamedyarov, Shakhriyar"]
[Result "1/2-1/2"]
[WhiteElo "2829"]
[BlackElo "2761"]
[Annotator "TA"]
[PlyCount "95"]
[EventDate "2021.03.13"]
[EventType "tourn"]
[EventCountry "NET"]
[SourceTitle "playchess.com"]
[Source "ChessBase"]
[SourceQuality "1"]

{[%evp 9,95,30,62,34,38,38,38,43,41,33,25,29,29,20,29,3,21,26,26,-9,0,0,0,0,0,0,0,-5,0,-4,0,0,0,-21,0,-27,-26,-46,-47,-69,-23,-93,-93,-86,-86,-86,0,0,0,0,0,0,0,0,0,0,0,0,0,0,0,0,0,0,0,0,0,0,0,0,0,0,0,0,0,0,0,0,0,0,0,0,0,0,0,0,0,0]} 1. e4 e5 2. Nf3 d6 3. d4 exd4 4. Nxd4 Nf6 5. Nc3 g6 6. Bf4 {C41: Philidor Defence.} Bg7 7. Qd2 Nc6 8. Nxc6 {White is slightly better.} bxc6 9. Bc4 O-O {[#]} 10. O-O-O $146 ({Predecessor:} 10. O-O Be6 11. Bb3 Re8 12. Rfe1 Bxb3 13. axb3 Nd7 14. f3 Qb8 15. Be3 Qb7 16. Ra5 {1-0 (41) Zarubitski,V (2426)-Kameko,A (2045) Minsk 2019}) 10... Be6 11. Bb3 Rb8 12. e5 Nd5 13. Nxd5 cxd5 14. Rhe1 dxe5 15. Bxe5 Bxe5 16. Rxe5 {[%cal Rb3d5]} c6 17. f4 a5 18. Qe3 Re8 19. h3 Qb6 20. Qxb6 Rxb6 21. c4 {[%cal Rc4d5]} a4 22. Bxa4 {[%cal Rc4d5]} (22. cxd5 $5 {[%cal Rb3a4]} axb3 23. dxe6 $11) 22... dxc4 23. Rc5 Ra8 24. Rxc6 Rb4 (24... Rbb8 $5 {[%cal Ra8a4]} 25. b3 cxb3 26. axb3 Bxb3 27. Bxb3 Rxb3 $15) 25. b3 (25. Bc2 $11 {keeps the balance.}) 25... cxb3 $17 26. Bxb3 Bxb3 27. axb3 {[%mdl 4096] Endgame KRR-KRR} Ra1+ (27... Rxb3 $17 28. Rc5 Rg3) 28. Kc2 $11 {The position is equal.} Ra2+ 29. Kc3 Rxf4 30. Rc4 Rff2 31. g4 Rf3+ 32. Rd3 Rxd3+ 33. Kxd3 {KR-KR} Rh2 34. b4 {[%cal Bb3b4,Bb4b5,Bb5b6,Bb6b7][%mdl 32]} Rxh3+ 35. Kd4 h5 36. gxh5 Rxh5 37. Rc5 {[#] White threatens Rxh5 and mate.} Rh1 38. b5 Kg7 39. Kd5 f5 40. b6 {Strongly threatening b7.} Rb1 41. Kc6 {[#] aiming for b7.} f4 $1 {[%cal Rf4f3] ...f3 is the strong threat.} 42. b7 {Threatens to win with Rb5.} f3 {Hoping for ...f2.} 43. Rc3 f2 44. Rf3 Rc1+ 45. Kd6 Rb1 46. Kc6 Rc1+ 47. Kd6 Rb1 48. Kc6 {Weighted Error Value: White=0.07/Black=0.06} 1/2-1/2

[Event "Magnus Carlsen Invitational 2021"]
[Site "Online"]
[Date "2021.03.10"]
[Round "3.6"]
[White "Van Foreest, Jorden"]
[Black "Grandelius, Nils"]
[Result "0-1"]
[WhiteElo "2543"]
[BlackElo "2632"]
[Annotator "TA"]
[PlyCount "82"]
[EventDate "2021.03.13"]
[EventType "tourn"]
[EventCountry "NET"]
[SourceTitle "playchess.com"]
[Source "ChessBase"]
[SourceQuality "1"]

{[%evp 9,82,0,0,0,0,0,0,0,0,0,0,0,-7,0,0,0,5,0,0,0,0,4,35,-8,0,0,83,87,100,99,135,74,79,75,75,76,98,54,90,56,119,121,117,108,102,94,123,-113,-100,-158,-123,-206,-204,-192,22,-291,-272,-507,-501,-524,-525,-976,-966,-6170,-5325,-29997,-29986,-29986,-329,-29987,-29988,-29988,-29989,-29989,-29990]} 1. e4 c5 2. Nf3 d6 3. Bc4 Nf6 4. Nc3 e6 5. d4 cxd4 6. Qxd4 {B50: Sicilian: 2...d6, Miscellaneous.} Nc6 7. Qd3 a6 8. Bf4 {The position is equal.} b5 9. Bb3 {[#]} Ra7 $146 ({Predecessor:} 9... Bb7 10. O-O-O Qb6 11. Qe2 Na5 12. Rhe1 Be7 13. Nd5 Nxb3+ 14. axb3 exd5 15. exd5 Ng8 {½-½ (27) Zhigalko,S (2668)-Feller,S (2579) Moscow 2010}) 10. O-O-O Rd7 11. Ng5 e5 12. Be3 h6 13. Nf3 Na5 14. Bd5 Be7 15. a3 O-O 16. Ba2 Bb7 17. Nh4 Nc4 (17... Nxe4 $11 {keeps the balance.} 18. Nxe4 Bxe4 19. Qxe4 Bxh4) 18. Nf5 $1 $16 (18. Bxc4 $6 bxc4 19. Qxc4 Nxe4 $1 $11) 18... Nxe3 19. Qxe3 Kh7 20. Kb1 ({White should try} 20. h4 $1) 20... a5 21. Nd5 Bxd5 22. Bxd5 ({Much worse is} 22. exd5 $6 b4 $11) 22... Qc7 23. Qb3 g6 24. Ne3 Kg7 (24... Qc5 $14) 25. Qxb5 Rb8 26. Qa4 Qa7 27. Bb3 Bd8 28. Nc4 $2 (28. Rhf1 $16) 28... Nxe4 $17 29. Qc6 (29. h4 $142 Qc7 30. Rd5 (30. Nxe5 $2 Nc5 $19)) 29... Nxf2 {White must now prevent ...Rc7.} 30. Nxd6 (30. Nxe5 $17 {was worth a try.} Rc7 31. Qxd6 Nxd1 32. Rxd1) 30... Nxd1 $19 31. Rxd1 {[#]} Rbb7 $2 32. Rf1 $2 {[%mdl 8192] Loses the game.} (32. Rd5 $11 Rxd6 33. Rxd6 (33. Qxd6 a4 $11)) 32... Qb6 33. Qd5 (33. Qxb6 {was the only defense.} Rxb6 34. Nc4) 33... a4 ({Worse is} 33... Rxd6 34. Rxf7+ Kg8 {[#]} 35. Rf8+ $3 {[%mdl 512]} Kxf8 36. Qg8+ Ke7 37. Qf7#) 34. Qxe5+ f6 35. Ne8+ Kh7 36. Nxf6+ Bxf6 37. Rxf6 Qg1+ 38. Ka2 axb3+ 39. cxb3 {Rf8 is the strong threat.} Rd1 {[%csl Gg1][%cal Rd1a1] Black mates.} 40. b4 Ra1+ 41. Kb3 Qd1+ {Weighted Error Value: White=0.92/Black=0.21} 0-1

[Event "Magnus Carlsen Invitational 2021"]
[Site "Online"]
[Date "2021.03.10"]
[Round "3.7"]
[White "Vachier-Lagrave, Maxime"]
[Black "Anton Guijarro, David"]
[Result "1-0"]
[WhiteElo "2860"]
[BlackElo "2674"]
[Annotator "TA"]
[PlyCount "87"]
[EventDate "2021.03.13"]
[EventType "tourn"]
[EventCountry "NET"]
[SourceTitle "playchess.com"]
[Source "ChessBase"]
[SourceQuality "1"]

{[%evp 14,87,7,3,35,0,0,0,18,0,0,0,0,-21,-32,-28,-25,-23,-20,-23,-19,-25,-26,-11,0,-15,0,-30,0,-18,0,0,0,0,0,-29,-23,-37,-34,-57,-48,-87,-87,-87,-89,-167,-186,-195,-172,-362,-172,-275,-2,-10,-9,-46,-6,-2,0,-34,99,150,484,495,442,483,615,640,607,589,29991,29992,29992,29989,29993,29994]} 1. c4 Nf6 2. g3 e6 3. Bg2 d5 4. Nf3 d4 5. e3 c5 6. exd4 cxd4 7. O-O Nc6 8. d3 h6 {A13: English Opening: 1...e6.} 9. Na3 {9.Bf4 is setting a new trend.} Bxa3 10. bxa3 O-O {The position is equal.} 11. Bf4 Ng4 $1 {[#]} 12. Bd2 $146 ({Predecessor:} 12. Re1 Re8 13. Ne5 Ngxe5 14. Bxe5 Bd7 15. Bd6 e5 16. Qh5 Qf6 17. c5 Rac8 18. Bd5 {1-0 (54) Odendahl,R (2359)-Haria,R (2463) Belgium 2020}) 12... e5 13. Bb4 Re8 14. Nd2 Nf6 15. Ne4 Nxe4 16. Bxe4 Bh3 17. Re1 Qd7 18. Rb1 Kh8 19. Bd2 Rab8 20. Rb3 Bg4 21. Qc1 f5 22. Bd5 f4 23. gxf4 Be6 24. Bf3 ({Don't blunder} 24. fxe5 $2 Bxd5 25. Qd1 Be6 $19) (24. Bg2 {is more complex.} Bh3 25. Be4 Bf5 26. f3 Rf8 27. fxe5 Bxe4 28. Rxe4 Rxf3 29. e6) 24... Rf8 25. Rb5 Rf6 26. Qd1 a6 27. Rc5 exf4 28. Kh1 Re8 29. Rg1 (29. Bb4 $17) 29... Bf7 $1 $19 30. Be4 Ne5 31. Qc1 $2 (31. f3 {is a better defense.}) 31... g5 (31... Bh5 $142 32. Rd5 Qh3) 32. Qb2 {[#]} (32. f3 $142) 32... b6 $2 (32... Nxc4 $1 $19 {[%mdl 512]} 33. Qc1 Nxd2 34. Qxd2 Bh5) 33. Rd5 $1 $11 {[%cal Rd5d7]} Bxd5 34. cxd5 Kg8 35. Qxd4 Qh3 {And now ...Nf3! would win.} 36. d6 f3 (36... Qd7 $15 {keeps the upper hand.} 37. Qxb6 Rxd6 38. Qb3+ Ree6 39. Qb8+ Qd8) 37. Bc3 $16 {[%mdl 1024] White has strong compensation.} Kg7 $2 {[#]} (37... Kf8 $16 {is tougher.}) 38. Bc6 $1 $18 {[%cal Rc6e8][%mdl 512]} Ree6 39. Bd5 Re8 {[#]} 40. Qe4 $1 ({Wrong is} 40. Qxb6 $2 Ng4 $19) 40... Qf5 {Black wants to play ...Qxe4.} 41. d7 Nxd3 {[%cal Rd3f2]} 42. Bxf6+ {White mates.} Kxf6 43. dxe8=N+ Kg6 {[#]} 44. Bf7+ $1 {[%mdl 64] Pin. What a bad dream for Black.  Weighted Error Value: White=0.18/Black=0.56} 1-0

[Event "Magnus Carlsen Invitational 2021"]
[Site "Online"]
[Date "2021.03.10"]
[Round "3.8"]
[White "Firouzja, Alireza"]
[Black "Carlsen, Magnus"]
[Result "1/2-1/2"]
[WhiteElo "2703"]
[BlackElo "2881"]
[Annotator "TA"]
[PlyCount "79"]
[EventDate "2021.03.13"]
[EventType "tourn"]
[EventCountry "NET"]
[SourceTitle "playchess.com"]
[Source "ChessBase"]
[SourceQuality "1"]

{[%evp 10,79,14,15,14,0,6,3,5,2,0,0,0,0,13,0,0,-16,25,18,21,0,0,0,0,-10,-35,-25,30,31,37,30,37,30,40,0,0,0,27,20,24,18,37,37,37,0,65,37,37,37,37,37,37,37,37,0,45,46,46,46,53,53,54,0,65,0,54,0,0,0,71,0]} 1. d4 Nf6 2. Nf3 e6 3. e3 c5 4. Bd3 d5 5. b3 Nc6 6. Bb2 b6 {D05: Colle System with ...e6.} 7. Nbd2 {is the legacy move (7.0-0).} Bb7 8. a3 cxd4 {The position is equal.} 9. exd4 g6 10. Qe2 Bg7 {[#]} 11. Ne5 $146 ({Predecessor:} 11. Rb1 O-O 12. O-O Rc8 13. Rfd1 Qe7 14. Nf1 Rfd8 15. Ng3 Rc7 16. Ba6 Bxa6 17. Qxa6 {½-½ (44) Gruz,J (1868)-Sandor,L (1490) Budapest 2012}) 11... Qc7 12. h4 h5 13. O-O-O O-O-O 14. Kb1 Kb8 15. Rh3 Nxe5 16. dxe5 Ne4 17. Bxe4 dxe4 18. Nc4 Ba6 (18... Rxd1+ $142 19. Qxd1 Rd8) 19. Rxd8+ $11 Rxd8 20. Qxe4 Bxc4 21. bxc4 Bf8 22. Rf3 Bc5 23. Qe2 Rc8 24. Ka2 Rd8 25. Kb3 Rd7 26. Rd3 Qc6 27. g3 Kb7 ({Better is} 27... Rxd3+ $11 28. cxd3 b5) 28. Bc3 (28. Rxd7+ {feels hotter.} Qxd7 29. Bc1 Qe7 30. Bg5 Qf8 31. Qf3+) 28... Rxd3 29. cxd3 b5 30. d4 bxc4+ 31. Qxc4 Bb6 32. a4 a6 33. Qb4 Qd5+ 34. Kb2 {[#] Threatens to win with a5.} Kc6 35. Qf8 $1 {[%cal Rf8c8]} Qd7 36. Kb3 (36. Qa8+ $1 $14 Qb7 37. Qxb7+ Kxb7 38. Kb3) 36... Qd5+ ({Black should try} 36... Kb7 $11) 37. Kb2 {aiming for Qc8+.} Qd7 38. Kb3 ({White should play} 38. Qa8+ $1 $14 Qb7 39. Qxb7+ Kxb7 40. Kb3) 38... Kb7 39. Qb4 {[#] Black must now prevent a5.} Kc6 (39... Qd5+ $1 $11 {remains equal.} 40. Kc2 a5 41. Qe7+ Ka6) 40. Qf8 {Weighted Error Value: White=0.15/Black=0.16} (40. Kc2 $16) 1/2-1/2

[Event "Magnus Carlsen Invitational 2021"]
[Site "Online"]
[Date "2021.03.10"]
[Round "4.1"]
[White "Giri, Anish"]
[Black "Carlsen, Magnus"]
[Result "1-0"]
[WhiteElo "2731"]
[BlackElo "2881"]
[Annotator "TA"]
[PlyCount "115"]
[EventDate "2021.03.13"]
[EventType "tourn"]
[EventCountry "NET"]
[SourceTitle "playchess.com"]
[Source "ChessBase"]
[SourceQuality "1"]

{[%evp 17,115,35,39,33,43,43,47,23,29,25,28,24,25,20,27,20,18,27,12,20,46,55,38,49,57,34,44,35,34,35,35,34,34,34,34,35,36,35,58,58,56,14,108,101,107,107,108,105,115,101,101,101,101,101,131,129,130,130,142,131,141,135,152,151,230,226,204,187,211,175,181,101,133,86,97,89,331,227,331,141,273,201,193,192,175,185,183,141,160,125,271,271,271,275,271,183,277,339,29988,29989]} 1. e4 c5 2. Nf3 g6 3. d4 cxd4 4. Nxd4 Nc6 5. c4 Nf6 6. Nc3 d6 7. Be2 Nxd4 8. Qxd4 Bg7 9. O-O O-O 10. Qd3 {B36: Sicilian: Maroczy Bind: Gurgenidze System.} a5 11. Be3 Bd7 12. Bd4 $5 {[%mdl 4] White is slightly better. An interesting side line.} Bc6 13. b3 $5 {[%mdl 4] Leaves trodden paths.} Nd7 14. Bxg7 Kxg7 15. Qd4+ {[#]} Kg8 $146 ({Predecessor:} 15... f6 16. Nd5 e5 17. Qe3 Bxd5 18. cxd5 {½-½ (18) Gorbunov,E (2065)-Waerstad,L (2146) ICCF email 2018}) 16. Rfd1 Qb6 17. Qxb6 Nxb6 18. f4 f5 19. exf5 Rxf5 20. g3 g5 21. Bd3 Rc5 22. Re1 Re8 23. Ne4 Bxe4 24. Rxe4 gxf4 25. Rxf4 {Hoping for Rg4+.} Nd7 $1 26. Re1 Ne5 27. Be4 b5 28. cxb5 Rxb5 29. Rh4 Rb4 (29... Ng6 $1 $11 30. Rg4 Re5) 30. Bxh7+ $16 Kg7 31. Be4 $36 {[%mdl 2048] White is really pushing.} a4 32. bxa4 Rxa4 33. Re2 Rh8 34. Rxh8 Kxh8 {[%mdl 4096] Endgame KRB-KRN} 35. Bd5 Ra5 36. Bb3 Nc6 37. Rd2 Kg7 38. Kg2 Ne5 39. h3 Nd7 40. Re2 Kf8 (40... Ne5 $16 41. a4 Ra7) 41. Rf2+ $18 Nf6 42. g4 Kg7 43. Rf4 d5 44. g5 (44. h4 $18) 44... Ne4 $16 {[#]} 45. Bxd5 $1 {[%mdl 512]} Nxg5 46. Bb3 e5 $2 (46... Re5 $16) 47. Ra4 Rc5 (47... Rb5 $142 48. h4 Nh7 49. Ra7+ Kh8 50. Ra8+ Kg7 51. Ra7+ Kh8) 48. Rc4 (48. h4 $18) 48... Ra5 (48... Rb5 $16) 49. h4 Ne6 50. Ra4 Nf4+ 51. Kf3 Rc5 52. Rc4 Ra5 53. Rc7+ Kh6 {[#]} (53... Kg6 $16 {was called for.} 54. a4 Nd5) 54. Bc2 $1 $18 {[%csl Gc2][%cal Rc7h7]} Ra3+ 55. Kg4 {[%csl Gc2][%cal Rc7h7]} Nd3 56. Kf5 Nb4 (56... Nf4 {is a better defense.} 57. Bb3 (57. Kxe5 Ng6+ 58. Bxg6 Kxg6 $16) 57... Ng2) 57. Be4 {Threatening mate with Kg4.} ({Don't do} 57. Kxe5 $6 Nxc2 58. Rxc2 Kh5 $16) 57... Rxa2 $2 {[#]} (57... Nd3 $18 58. Rc8 Nb4) 58. Kg4 $1 {[%csl Ge4][%cal Rc7h7] Weighted Error Value: White=0.18/Black=0.35} 1-0

[Event "Magnus Carlsen Invitational 2021"]
[Site "Online"]
[Date "2021.03.10"]
[Round "4.2"]
[White "Anton Guijarro, David"]
[Black "Firouzja, Alireza"]
[Result "1-0"]
[WhiteElo "2674"]
[BlackElo "2703"]
[Annotator "TA"]
[PlyCount "103"]
[EventDate "2021.03.13"]
[EventType "tourn"]
[EventCountry "NET"]
[SourceTitle "playchess.com"]
[Source "ChessBase"]
[SourceQuality "1"]

{[%evp 11,103,27,35,25,41,32,37,22,29,26,47,53,51,41,35,35,48,16,42,0,19,0,23,3,25,25,22,24,19,0,35,31,68,68,67,75,69,81,81,70,60,6,159,168,179,177,172,172,174,181,180,179,190,183,174,152,147,147,203,183,180,185,181,193,181,171,179,160,242,235,264,144,372,354,880,571,900,900,896,896,883,873,877,858,1094,964,29977,29978,29977,29978,29978,29979,29998,29999]} 1. d4 Nf6 2. c4 g6 3. Nf3 Bg7 4. e3 O-O 5. Be2 d6 6. Nc3 Nc6 7. d5 {E61: King's Indian: Early deviations for White, including Smyslov System.} Nb4 8. O-O e6 {[#]} 9. dxe6 $146 {White is slightly better.} ({Predecessor:} 9. e4 Re8 10. a3 Na6 11. Be3 exd5 12. exd5 Nc5 13. Bd4 a5 14. b3 Bd7 15. Nd2 {0-1 (30) Vrolijk,L (2433)-Heimann,A (2574) Karlsruhe 2018}) 9... Bxe6 10. Nd4 Nc6 11. Nxe6 fxe6 12. Rb1 Nd7 13. Qd2 Qf6 14. Nd1 Nc5 15. Nc3 a5 16. Qd1 Rad8 17. Bd2 Qf7 18. a3 d5 19. cxd5 exd5 20. Nb5 d4 21. exd4 Bxd4 22. Qc2 $1 {Black must now prevent Bc4.} Qf5 23. Bc4+ Kg7 24. Qxf5 Rxf5 25. Nxd4 Nxd4 26. Rfd1 ({White should try} 26. Bxa5 $14 b6 27. Bc3) 26... Na4 $2 {[#]} (26... b5 $11 27. Bf1 Ncb3) 27. b3 $1 $36 {[%mdl 2048] And now Be3 would win. White is on the roll.} Nb6 28. Bc3 c5 29. Bxa5 Rd6 30. Bf1 Nd5 31. Be1 Nf4 32. Bc3 Kf8 {Hoping for ...Nde2+.} 33. Bxd4 cxd4 34. g3 Nh5 (34... Ne6 $16 35. b4 Kg7) 35. Rd2 Rc5 36. a4 Rc3 37. Bc4 Ng7 38. Rbd1 Nf5 39. Kg2 b6 (39... Ke7 $16 {was called for.} 40. Rd3 Rxd3 41. Bxd3 Kf6) 40. Rd3 $18 Rc2 41. Rf3 (41. g4 $18 Nh4+ 42. Kg3) 41... Rf6 {[#] Black cannot hold the game after this.} (41... Kg7 $16 {was necessary.} 42. Bd3 Rb2 43. Bxf5 gxf5) 42. Rxd4 $1 {[%mdl 576] Pin} g5 $2 (42... Rc3) (42... Rb2 43. Rd7) 43. Bd3 Rd2 44. Rd5 Ne3+ 45. Rxe3 {Rd8+ is the strong threat.} Rfxf2+ 46. Kg1 Rg2+ 47. Kf1 Rxh2 48. Ke1 Ra2 49. Rf5+ {White mates.} Kg8 50. Re8+ Kg7 51. Re7+ Kg6 52. Rf4+ {Weighted Error Value: White=0.19/Black=0.52} 1-0

[Event "Magnus Carlsen Invitational 2021"]
[Site "Online"]
[Date "2021.03.10"]
[Round "4.3"]
[White "Grandelius, Nils"]
[Black "Vachier-Lagrave, Maxime"]
[Result "1/2-1/2"]
[WhiteElo "2632"]
[BlackElo "2860"]
[Annotator "TA"]
[PlyCount "98"]
[EventDate "2021.03.13"]
[EventType "tourn"]
[EventCountry "NET"]
[SourceTitle "playchess.com"]
[Source "ChessBase"]
[SourceQuality "1"]

{[%evp 17,98,42,41,23,31,33,40,33,38,36,60,60,66,54,54,59,54,59,58,8,33,48,46,45,38,37,44,17,58,17,22,14,25,29,70,57,46,38,27,27,18,31,46,0,0,0,0,0,0,-18,0,-10,0,-16,0,-8,0,0,0,0,0,0,123,65,63,59,47,0,0,0,0,0,0,0,0,0,0,0,0,0,0,0,0]} 1. e4 c6 2. d4 d5 3. exd5 cxd5 4. Bd3 Nf6 5. h3 g6 6. Nf3 Bg7 7. O-O O-O 8. c3 Qc7 9. Re1 Nc6 10. Be3 {B13: Caro-Kann: Exchange Variation and Panov-Botvinnik Attack.} Re8 11. Nbd2 {[%cal Bb1d2,Bd2b3,Bb3c5][%mdl 32]} Bd7 {[#]} 12. Rc1 $146 {White is slightly better.} ({Predecessor:} 12. Nb3 Rad8 13. Bf1 Nh5 14. Nc5 Bc8 15. Nd3 Na5 16. b3 Nc6 17. a4 Bf5 18. b4 Bxd3 19. Qxd3 {1-0 (28) Blomqvist,E (2519)-Andersson,L (2029) Gothenburg 2019}) 12... Rac8 13. Nb3 Ne4 14. Bxe4 dxe4 15. Ng5 f5 16. Nc5 Nd8 17. Qb3+ Kh8 $1 18. d5 (18. f3 {looks sharper.} exf3 19. Nxf3 e6 20. Bg5 Bc6 21. Ne5) 18... b6 (18... Bf6 $5 {[%cal Rf6g5]} 19. Nxd7 Qxd7 $14) 19. Nxd7 Qxd7 20. Rcd1 Bf6 21. Ne6 Nf7 22. Bd4 Nd6 23. Bxf6+ exf6 24. Qc2 Nb7 (24... Kg8 {is more complex.} 25. Kh1 a5 26. Re2 Nf7 27. Kg1 b5) 25. c4 Nc5 26. Nxc5 bxc5 27. Qc3 Qd6 28. a3 Kg7 29. b4 Re7 30. bxc5 Rxc5 31. Rc1 Rec7 32. Red1 h5 ({But not} 32... Rxc4 $6 33. Qxc4 Rxc4 34. Rxc4 $16) 33. Qd4 h4 34. a4 g5 35. Qe3 Re7 36. Qd4 Kg6 37. Re1 Rec7 38. f3 Qg3 {[#] ...Rxc4! is the strong threat.} 39. fxe4 f4 (39... Rxc4 $1 $11 {remains equal.} 40. exf5+ Kf7) 40. Rf1 (40. Re2 $16 {Threatens to win with d6.} Qb3 41. Rec2) 40... Qe3+ $14 41. Qxe3 fxe3 {[%mdl 4096] Endgame KRR-KRR} 42. Rce1 Rxc4 {The position is equal.} 43. Rxe3 Rxa4 44. e5 fxe5 45. Rxe5 Ra6 46. Rff5 Rc1+ 47. Kh2 Raa1 $1 {[%csl Ga1][%cal Rc1h1] [#]} 48. Rxg5+ Kf7 {[%csl Ga1][%cal Rc1h1]} 49. Rgf5+ Kg6 {[%csl Ga1][%cal Rc1h1] Weighted Error Value: White=0.09/Black=0.11} (49... Kg7 $5 50. Rg5+ $8 Kf7 51. Rgf5+ Kg7 52. Rg5+ Kf7 $11) 1/2-1/2

[Event "Magnus Carlsen Invitational 2021"]
[Site "Online"]
[Date "2021.03.10"]
[Round "4.5"]
[White "Nepomniachtchi, Ian"]
[Black "Nakamura, Hikaru"]
[Result "1/2-1/2"]
[WhiteElo "2778"]
[BlackElo "2829"]
[Annotator "TA"]
[PlyCount "89"]
[EventDate "2021.03.13"]
[EventType "tourn"]
[EventCountry "NET"]
[SourceTitle "playchess.com"]
[Source "ChessBase"]
[SourceQuality "1"]

{[%evp 19,89,12,13,19,13,20,19,0,0,0,0,0,0,0,0,0,0,0,0,0,0,0,3,0,0,0,0,0,0,0,0,0,0,0,0,0,0,0,0,0,0,0,2,0,0,0,0,0,0,0,3,0,0,0,0,0,0,0,3,0,0,0,0,0,0,0,1,2,6,0,0,0]} 1. e4 e5 2. Nf3 Nc6 3. Bb5 Nf6 4. O-O Nxe4 5. d4 Nd6 6. Bxc6 dxc6 7. dxe5 Nf5 8. Qxd8+ Kxd8 9. Nc3 Ke8 10. h3 Be6 {The position is equal.} (10... h5 11. Bf4 Be6 12. Ng5 Bc4 13. Rfd1 Bb4 14. Nce4 Be2 15. Rdc1 Bc4 16. b3 Bd5 17. Rd1 Be7 18. c4 Bxe4 19. Nxe4 c5 20. Rd3 Rd8 21. Rad1 b6 22. e6 fxe6 23. Bxc7 Rxd3 24. Rxd3 Kf7 25. Be5 Rd8 26. Rxd8 Bxd8 27. Kf1 {1-0 (64) Nepomniachtchi,I (2789)-Nakamura,H (2736) chess24.com INT 2021}) 11. g4 {C67: Ruy Lopez: Berlin Defence: 4 0-0 Nxe4.} Ne7 12. Nd4 Bd7 13. Re1 h5 14. e6 fxe6 15. Nxe6 Bxe6 16. Rxe6 hxg4 17. hxg4 Kd7 18. Re4 Nd5 19. Nxd5 cxd5 20. Re5 Rh4 {[#]} 21. Rg5 $146 ({Predecessor:} 21. Rxd5+ Bd6 22. Be3 {½-½ (22) Shirov,A (2730)-Almasi,Z (2685) Novi Sad 2009}) 21... Re8 {[#] Threatens to win with ...Re1+.} 22. Be3 Re4 23. Rxd5+ Ke6 24. Rad1 Rexg4+ 25. Kf1 Rh1+ 26. Ke2 Rxd1 27. Rxd1 $11 {[%mdl 4096] Endgame KRB-KRB} Bd6 28. b3 ({Much weaker is} 28. Bxa7 b6 $17) 28... a5 29. a4 b6 30. Rh1 Rg6 31. Kd3 Rg4 32. Bd4 Be5 33. Be3 Bd6 34. Ke2 Rg6 35. Kf3 Kd5 36. Rh5+ Ke6 37. Ke4 Rg4+ 38. Kd3 Rg1 39. Rh8 Rg4 40. Re8+ Kd5 41. Rd8 Ke6 42. Rh8 Kd5 43. Rh5+ Ke6 44. c3 Be7 45. Rh1 {A rather calm draw.  Weighted Error Value: White=0.01/Black=0.00} 1/2-1/2

[Event "Magnus Carlsen Invitational 2021"]
[Site "Online"]
[Date "2021.03.10"]
[Round "4.6"]
[White "Karjakin, Sergey"]
[Black "Dubov, Daniil"]
[Result "1/2-1/2"]
[WhiteElo "2709"]
[BlackElo "2770"]
[Annotator "TA"]
[PlyCount "26"]
[EventDate "2021.03.13"]
[EventType "tourn"]
[EventCountry "NET"]
[SourceTitle "playchess.com"]
[Source "ChessBase"]
[SourceQuality "1"]

{[%evp 10,26,31,32,44,44,47,38,43,34,27,33,26,0,24,0,35,0,26]} 1. e4 c5 2. Nf3 Nc6 3. d4 cxd4 4. Nxd4 Nf6 5. Nc3 d6 6. Bg5 g6 {B60: Sicilian: Richter-Rauzer: Unusual Black 6th moves and 6...Bd7 without 7 Qd2.} 7. Bb5 Bd7 8. Bxf6 exf6 {White is slightly better.} 9. O-O Bg7 10. Nde2 Be6 {[#]} 11. Nd4 $146 ({Predecessor:} 11. Qd2 O-O 12. Rad1 f5 13. Bxc6 bxc6 14. Nd4 Bd7 15. exf5 Qb6 16. fxg6 hxg6 17. b3 Rae8 18. Qf4 Qb4 19. Ne4 d5 20. Nf6+ Bxf6 21. Qxf6 {1-0 (26) Vovk,Y (2626)-Turner,M (2493) Fagernes 2015}) 11... Bd7 12. Nde2 Be6 13. Nd4 Bd7 {Weighted Error Value: White=0.10/Black=0.02} 1/2-1/2